|
|
|
|
| LEADER |
00000nam0a2200000 4500 |
| 001 |
297551 |
| 005 |
20250113170209.0 |
| 035 |
|
|
|a (RuTPU)RU\TPU\book\322684
|
| 090 |
|
|
|a 297551
|
| 100 |
|
|
|a 20150609d1984 km y0rusy50 ca
|
| 101 |
0 |
|
|a rus
|
| 102 |
|
|
|a RU
|
| 105 |
|
|
|a a z 001zy
|
| 200 |
1 |
|
|a Проблемы астрометрии
|e 22-я астрономическая конференция СССР, 1-5 июня 1981 г.
|f Московский государственный университет им. М. В. Ломоносова (МГУ) ; Московский государственный университет им. М. В. Ломоносова (МГУ), Государственный астрономический институт им. П. К. Штернберга (ГАИШ) ; под ред. В. В. Подобеда
|
| 210 |
|
|
|a Москва
|c Изд-во Московского ун-та
|d 1984
|
| 215 |
|
|
|a 341 с.
|c ил.
|
| 320 |
|
|
|a Библиография в конце докладов
|
| 606 |
1 |
|
|a Астрометрия
|2 stltpush
|3 (RuTPU)RU\TPU\subj\29545
|9 52847
|
| 610 |
1 |
|
|a небесные координаты
|
| 610 |
1 |
|
|a построение
|
| 610 |
1 |
|
|a Земля
|
| 610 |
1 |
|
|a вращение
|
| 610 |
1 |
|
|a Солнечная система
|
| 610 |
1 |
|
|a рефракция
|
| 610 |
1 |
|
|a астроклимат
|
| 610 |
1 |
|
|a Луна
|
| 610 |
1 |
|
|a планеты
|
| 610 |
1 |
|
|a гравиметрические исследования
|
| 610 |
1 |
|
|a автоматизация
|
| 610 |
1 |
|
|a точность
|
| 610 |
1 |
|
|a измерения
|
| 610 |
1 |
|
|a конференции
|
| 675 |
|
|
|a 521.9(063)
|v 4
|
| 702 |
|
1 |
|a Подобед
|b В. В.
|4 340
|
| 712 |
0 |
2 |
|a Московский государственный университет им. М. В. Ломоносова
|c (1940- )
|b Государственный астрономический институт им. П. К. Штернберга
|9 23122
|
| 712 |
1 |
2 |
|a Проблемы астрометрии
|c конференция
|d 22
|e Москва
|4 570
|
| 801 |
|
1 |
|a RU
|b 63413507
|c 20150609
|
| 801 |
|
2 |
|a RU
|b 63413507
|c 20181029
|g RCR
|
| 942 |
|
|
|c BK
|